000 00364nam a2200145Ia 4500
008 230711s9999||||xx |||||||||||||| ||und||
041 _aENG
082 _a624
_bGE-E
100 _aGerbriel Bitton
245 0 _aIntroduction to environmental virology
250 _a1st
260 _c1980
_aNew York
_bJohn Wiley & Sons.Inc
650 _aCivil Engineering
942 _cBK
999 _c849
_d849